| 000 | 01729nam a2200529 i 4500 | ||
|---|---|---|---|
| 001 | 54987 | ||
| 003 | KOSZ 005 | ||
| 005 | 20211210135033.0 | ||
| 008 | 070827s2007 pl a f f |001 0 pol | ||
| 015 | _aUWD 2008/24669 | ||
| 020 | _a8324606432 | ||
| 020 | _a9788324606436 | ||
| 035 | _a991036018059705066 | ||
| 035 | _a(PL-WaBN)b19680223-48omnis_nlop | ||
| 035 | _ab19680223 | ||
| 035 | _a(OCoLC)830864938 | ||
| 035 | _a(PL)b0000001968022 | ||
| 035 | _a(EXLNZ-48OMNIS_NETWORK)9910108940205606 | ||
| 040 |
_aWA N _cWA N _dKOSZ 005/HR |
||
| 041 | 1 |
_apol _heng |
|
| 046 | _k2005 | ||
| 080 | _a004.774 | ||
| 080 | _a004.42 | ||
| 080 | _a(07) | ||
| 100 | 1 |
_aGraf, Hagen _d(1964- ) _eAutor |
|
| 245 | 1 | 0 |
_aJoomla! : _bsystem zarządzania treścią : technologia i rozwiązania / _cHagen Graf ; [tł. Paweł Kita]. |
| 246 | 1 |
_iTyt. oryg.: _aJoomla! |
|
| 246 | 1 |
_iTyt. przekł.: _aBuilding websites with Joomla!, _f2005 |
|
| 260 |
_aGliwice : _bWydawnictwo Helion, _ccop. 2007. |
||
| 300 |
_a342 s. : _bil. ; _c23 cm. |
||
| 336 |
_aTekst _btxt _2rdacontent |
||
| 337 |
_aBez urządzenia pośredniczącego _bn _2rdamedia |
||
| 338 |
_aWolumin _bnc _2rdacarrier |
||
| 380 | _aKsiążki | ||
| 380 | _aPublikacje fachowe | ||
| 388 | _a2001- | ||
| 504 | _aIndeks. | ||
| 650 | 7 |
_aJoomla! _2DBN |
|
| 650 | 7 | _aSystemy zarządzania treścią | |
| 655 | 7 |
_aPodręcznik _2DBN |
|
| 658 | _aInformatyka i technologie informacyjne | ||
| 700 | 1 |
_aKita, Paweł _c(tłumacz) _eTłumaczenie |
|
| 710 | 2 |
_aHelion _4pbl |
|
| 856 |
_uhttp://koha.tu.koszalin.pl/cgi-bin/koha/opac-detail.pl?biblionumber=54987 _yKatalog online BPK |
||
| 942 |
_2UKD _cKS |
||
| 999 |
_c54987 _d54987 |
||